Metallica Lyrics – #4: Jump in the Fire - Statistics

General Stats
  • This quiz has been taken 18 times
  • The average score is 94 of 187
Answer Stats
Answer % Correct
Come
100%
come
100%
fire
100%
I
100%
in
100%
Jump
100%
jump
100%
on
100%
on,
100%
the
100%
The
100%
So
89%
a
67%
and
67%
fiery
67%
home
67%
Now
67%
now,
67%
now
67%
you
67%
You
67%
you,
67%
depths
56%
do
56%
Down
56%
down
56%
down,
56%
hell
56%
me
56%
me,
56%
my
56%
My
56%
of
56%
our
56%
to
56%
will
56%
all
44%
be
44%
bell
44%
chime
44%
end
44%
for
44%
is
44%
it
44%
one
44%
or
44%
There
44%
there
44%
as
33%
by
33%
closing
33%
death
33%
done,
33%
Earth
33%
force
33%
get
33%
hand,
33%
I'm
33%
into
33%
it's
33%
join
33%
kind
33%
make
33%
not
33%
people
33%
pit
33%
say
33%
see
33%
sinful
33%
Tempting
33%
this
33%
through
33%
time
33%
Trying
33%
veins
33%
way
33%
With
33%
with
33%
your
33%
am
22%
belong
22%
child,
22%
either
22%
everyone
22%
eyes
22%
fate
22%
Feeding
22%
Follow
22%
from
22%
grab
22%
hellfire
22%
hesitate
22%
I'll
22%
job
22%
just
22%
keep
22%
land
22%
life
22%
lit
22%
Living
22%
man
22%
meek
22%
mild
22%
minds
22%
obey
22%
out
22%
part
22%
prey
22%
reach
22%
search
22%
shall
22%
shout
22%
souls
22%
stalking
22%
summons
22%
taken
22%
their
22%
they
22%
where
22%
within
22%
won't
22%
always
11%
but
11%
can
11%
disciples
11%
pull
11%
walk
11%
No matching quizzes found
Score Distribution
Percent of People with Each Score
Percentile by Number Answered
Your Score History
You have not taken this quiz